[Event "Niedersachsen-ch U16"]
[Site "Northeim"]
[Date "2007.10.21"]
[Round "4"]
[White "Elborg, Cornelia"]
[Black "Frank, Christian"]
[Result "0-1"]
[WhiteElo "1213"]
[BlackElo "1798"]
[PlyCount "124"]
[EventDate "2007.10.20"]
[EventType "swiss"]
[EventRounds "7"]
[EventCountry "GER"]
[SourceTitle "EXT 2010"]
[Source "ChessBase"]
[SourceDate "2010.11.25"]
[SourceVersion "1"]
[SourceVersionDate "2010.11.25"]
[SourceQuality "1"]

1. e4 c5 2. Nf3 Nc6 3. Bc4 e6 4. Nc3 a6 5. d3 g6 6. Bg5 Nge7 7. Bf6 Rg8 8. Ng5 b5 9. Bb3 h6 10. Nh7 Bb7 11. Be5 Bg7 12. Bxg7 Rxg7 13. Nf6+ Kf8 14. Qg4 Ng8 15. Nxg8 Rxg8 16. Qf4 Kg7 17. 0-0 d6 18. a3 Nd4 19. Rfe1 Bc6 20. Rac1 Nxb3 21. cxb3 Qd7 22. Qg4 Rab8 23. Rcd1 b4 24. axb4 Rxb4 25. Ra1 Qb7 26. Qg3 Rd8 27. e5 d5 28. Qf3 Rd7 29. Qf6+ Kh7 30. Na4 Bxa4 31. Rxa4 Rxa4 32. bxa4 Qxb2 33. Qf3 Qc3 34. Qd1 Rb7 35. h3 Rb2 36. Qa1 Qc2 37. Rf1 Ra2 38. Qb1 Qxb1 39. Rxb1 Rxa4 40. Rc1 c4 41. dxc4 Rxc4 42. Rxc4 dxc4 43. Kf1 a5 44. Ke1 a4 45. Kd2 g5 46. g4 Kg6 47. f3 f6 48. exf6 Kxf6 49. Kc2 Ke5 50. Kc3 a3 51. Kc2 Kf4 52. Kb1 c3 53. h4 gxh4 54. g5 Kxg5 55. f4+ Kxf4 56. Ka1 c2 57. Ka2 c1Q 58. Kb3 a2 59. Kb4 a1R 60. Kb3 Rb1+ 61. Ka4 Qb2 62. Ka5 Qb5# 0-1